| 000 | 00395nam a2200157Ia 4500 | ||
|---|---|---|---|
| 008 | 230917s9999||||xx |||||||||||||| ||und|| | ||
| 040 |
_e231238 _aMAIN |
||
| 041 | _aEnglish | ||
| 082 | _a005.133 B181P(3) | ||
| 100 | _aBalagurusamy, E | ||
| 245 | 0 | _aProgramming in C# : A primer | |
| 250 | _a3rd ed. | ||
| 260 |
_aNew Delhi _bTata McGraw-Hill _c2012 |
||
| 300 | _axvii, 508 p. | ||
| 942 | _cBK | ||
| 999 |
_c180428 _d180428 |
||